[Event "Manavgat Turkey Cup"]
[Site "Manavgat"]
[Date "2015.02.07"]
[Round "11"]
[White "Cengiz, Anil"]
[Black "Celik, Erdinc"]
[Result "1-0"]
[WhiteElo "1794"]
[BlackElo "1765"]
[PlyCount "67"]
[EventDate "2015.01.31"]
[EventType "swiss"]
[EventRounds "11"]
[EventCountry "TUR"]
[SourceTitle "CBM 164 Extra"]
[Source "ChessBase"]
[SourceDate "2015.03.02"]
[SourceVersion "1"]
[SourceVersionDate "2015.03.02"]
[SourceQuality "1"]

1. e4 d5 2. exd5 Nf6 3. d4 Nxd5 4. c4 Nb6 5. Nc3 Bf5 6. Nf3 Nc6 7. d5 Nb4 8. Nd4 Bg6 9. a3 e5 10. axb4 exd4 11. Qxd4 Bxb4 12. Be3 0-0 13. Be2 Re8 14. 0-0 a6 15. Rad1 Nd7 16. Qd2 Ne5 17. Rfe1 h6 18. Bf4 Qf6 19. Bg3 Re7 20. Bf1 Rae8 21. Re3 Bc5 22. Ne4 Bxe4 23. Rxe4 Qg6 24. Rxe5 Rxe5 25. Bxe5 Rxe5 26. b4 Be7 27. c5 Rh5 28. d6 cxd6 29. cxd6 Bd8 30. Qe2 Kh7 31. Qe8 Qf6 32. Qe4+ Rf5 33. g4 g6 34. gxf5 1-0

[Event "Manavgat Turkey Cup"]
[Site "Manavgat"]
[Date "2015.02.01"]
[Round "3"]
[White "Cengiz, Anil"]
[Black "Ayazmali, Gizem"]
[Result "1-0"]
[WhiteElo "1794"]
[BlackElo "1844"]
[PlyCount "67"]
[EventDate "2015.01.31"]
[EventType "swiss"]
[EventRounds "11"]
[EventCountry "TUR"]
[SourceTitle "CBM 164 Extra"]
[Source "ChessBase"]
[SourceDate "2015.03.02"]
[SourceVersion "1"]
[SourceVersionDate "2015.03.02"]
[SourceQuality "1"]

1. e4 e5 2. f4 d5 3. Nf3 Nf6 4. fxe5 Nxe4 5. d3 Nc5 6. d4 Ne4 7. Bd3 Bg4 8. 0-0 c5 9. Qe1 Bxf3 10. gxf3 Ng5 11. f4 Ne6 12. f5 Nxd4 13. c3 Ndc6 14. e6 f6 15. Qe2 Qb6 16. Qh5+ Kd8 17. c4 Ne5 18. Be2 d4 19. Bf4 Nbc6 20. Nd2 Be7 21. Ne4 Kc7 22. Rab1 g6 23. Qh6 Bf8 24. Qh3 Bg7 25. Bh6 Bxh6 26. Qxh6 Ne7 27. Qg7 Rae8 28. Nxf6 Qd6 29. Nxe8+ Rxe8 30. f6 Qxe6 31. fxe7 Rxe7 32. Qh6 Ng4 33. Qf4+ Ne5 34. Rbe1 1-0